Liquidación de haberes y particularidades del CCT 644/2012 de petroleros privados de Neuquén, Río Negro y La Pampa (Registro nro. 34444)

Detalles MARC
000 -LEADER
fixed length control field 00402 a2200109 4500
001 - CONTROL NUMBER
control field ART_57501
005 - DATE AND TIME OF LATEST TRANSACTION
control field 20260410162036.0
008 - FIXED-LENGTH DATA ELEMENTS--GENERAL INFORMATION
fixed length control field 260409a
100 1# - MAIN ENTRY--PERSONAL NAME
Personal name Simos, M. Florencia
245 10 - TITLE STATEMENT
Title Liquidación de haberes y particularidades del CCT 644/2012 de petroleros privados de Neuquén, Río Negro y La Pampa
773 0# - HOST ITEM ENTRY
Title Liquidación de sueldos
Related parts - N° 200 (ene. 2023)
Record control number REV44399

No hay ítems disponibles.